Tôn Quang Phiệt 1900-1973 Quyến II Văn học

Tôn Quang Phiệt với văn học: sáng tác và nghiên cứu văn học

সংরক্ষণ করুন:
গ্রন্থ-পঞ্জীর বিবরন
অন্যান্য লেখক: Tôn Gia Huyên (st & bs.), Chương Thâu (st&bs.), Tôn Thảo Miên (st&bs.), Nguyễn Đình Chú (giới thiệu)
বিন্যাস: গ্রন্থ
ভাষা:Vietnamese
প্রকাশিত: H. Văn học 2014
বিষয়গুলি:
ট্যাগগুলো: ট্যাগ যুক্ত করুন
কোনো ট্যাগ নেই, প্রথমজন হিসাবে ট্যাগ করুন!
Thư viện lưu trữ: Mạng thư viện Đại học Đà Nẵng
LEADER 01437nam a2200373 4500
001 000020169
003 16614
005 20150302140344.0
008 150302s2014 viesd
041 0 |a vie 
082 1 4 |a 895.9228309  |b Tôn 
245 1 0 |a Tôn Quang Phiệt  |b 1900-1973  |c St.,bs. : Tôn Gia Huyên, Chương Thâu, Tôn Thảo Miên ; Nguyễn Đình Chú (giới thiệu)  |n Quyến II  |p Văn học 
260 |a H.  |b Văn học  |c 2014 
300 |a 683 tr.  |c 21 cm. 
504 |a Thư mục tr.679-683 
520 3 |a Tôn Quang Phiệt với văn học: sáng tác và nghiên cứu văn học 
650 0 4 |a Nhân vật lịch sử  |x Nghiên cứu 
653 |a Nhân vật lịch sử 
653 |a Tôn Quang Phiệt 
700 1 |a Tôn Gia Huyên  |e st & bs. 
700 1 |a Chương Thâu  |e st&bs. 
700 1 |a Tôn Thảo Miên  |e st&bs. 
700 1 |a Nguyễn Đình Chú  |e giới thiệu 
773 |d Văn học  |d H.  |d 2014  |t Tôn Quang Phiệt  |w 16612 
OWN |a LSP 
AVA |a UDN50  |b LSP  |d 895.9228309 Tôn  |e check_holdings  |t Error 5003 Not defined in file expand_doc_bib_avail.  |h N  |k 1 
999 |a From the UDN01 
AVA |a UDN50  |b LSP  |d 895.9228309 Tôn  |e available  |t Error 5001 Not defined in file expand_doc_bib_avail.  |f 14  |g 0  |h N  |i 0  |k 1 
TYP |a Monograph 
TYP |a Printed language 
980 |a Mạng thư viện Đại học Đà Nẵng